000 005510000a22001810004500
003 MACL
005 20160410163426.0
008 160410b xxu||||| |||| 00| 0 eng d
040 _aMACL
_cMACL
041 _aHindi
082 _a610
100 _aडॉ कशिका
_951833
245 _aसम्‍पूर्ण शिशु स्‍वास्‍थ्‍य
260 _aदिल्‍ली
_bलक्ष्‍य पब्लिकेशंस
_c2012
350 _a300
650 _aMedical Sci.
_933115
942 _cHIN
_k610
_2ddc
999 _c48632
_d48632